[Event "Titled Tuesday intern op 16th Apr Late"]
[Site "Chess.com INT"]
[Date "2024.04.16"]
[Round "5"]
[White "Melillo, Lucius"]
[Black "Mangialardo, Tiago Carvalho"]
[Result "1-0"]
[WhiteElo "2274"]
[BlackElo "1979"]
[PlyCount "47"]
[EventDate "2024.04.16"]
[EventType "swiss (blitz)"]
[EventRounds "11"]
[EventCountry "USA"]
[SourceTitle "CB17_2024"]
[SourceDate "2024.04.24"]
[SourceVersion "1"]
[SourceVersionDate "2024.04.24"]
[SourceQuality "1"]

1. d4 Nf6 2. Nc3 c5 3. d5 g6 4. e4 d6 5. Nf3 Bg7 6. Bc4 0-0 7. 0-0 a6 8. a4 Bg4 9. h3 Bxf3 10. Qxf3 Nbd7 11. Qd1 Nb6 12. Be2 Rc8 13. a5 Nbd7 14. Be3 c4 15. f3 Nh5 16. Qd2 Re8 17. Na4 e6 18. dxe6 Rxe6 19. c3 Ng3 20. Rfd1 Qe8 21. Bf2 Nxe2+ 22. Qxe2 Nc5 23. Nxc5 dxc5 24. Qxc4 1-0

[Event "Titled Tuesday intern op 08th Aug Early"]
[Site "Chess.com INT"]
[Date "2023.08.08"]
[Round "8"]
[White "Lenoir Ibacache, Gabriel Alberto"]
[Black "Mangialardo, Tiago Carvalho"]
[Result "1-0"]
[WhiteElo "2225"]
[BlackElo "1965"]
[PlyCount "57"]
[EventDate "2023.08.08"]
[EventType "swiss (blitz)"]
[EventRounds "11"]
[EventCountry "USA"]
[SourceTitle "EXT 2024"]
[Source "ChessBase"]
[SourceDate "2023.10.10"]
[SourceVersion "1"]
[SourceVersionDate "2023.10.10"]
[SourceQuality "1"]

1. e4 Nf6 2. e5 Nd5 3. c4 Nb6 4. d4 d6 5. exd6 exd6 6. Nc3 Be7 7. Bd3 0-0 8. Nge2 Bg4 9. 0-0 Nc6 10. f3 Bh5 11. Be3 Re8 12. Qd2 d5 13. c5 Nc4 14. Bxc4 dxc4 15. d5 Nb4 16. Nf4 Bg5 17. Rae1 Bxf4 18. Bxf4 Nd3 19. Rxe8+ Qxe8 20. Bxc7 Nxc5 21. d6 Qd7 22. Nd5 Bg6 23. Re1 Ne6 24. Qa5 Re8 25. Qb4 Nxc7 26. Ne7+ Kf8 27. dxc7 Rxe7 28. Rxe7 Qd1+ 29. Re1+ 1-0

[Event "Titled Tuesday intern op 18th Jul Late"]
[Site "Chess.com INT"]
[Date "2023.07.18"]
[Round "10"]
[White "Melikhov, Evgeny V"]
[Black "Mangialardo, Tiago Carvalho"]
[Result "1-0"]
[WhiteElo "2252"]
[BlackElo "1965"]
[PlyCount "53"]
[EventDate "2023.07.18"]
[EventType "swiss (blitz)"]
[EventRounds "11"]
[EventCountry "USA"]
[SourceTitle "EXT 2024"]
[Source "ChessBase"]
[SourceDate "2023.10.10"]
[SourceVersion "1"]
[SourceVersionDate "2023.10.10"]
[SourceQuality "1"]

1. d4 Nf6 2. c4 c5 3. d5 g6 4. Nc3 Bg7 5. e4 d6 6. Nf3 0-0 7. h3 e6 8. Bd3 exd5 9. cxd5 b5 10. Nxb5 Nxe4 11. Bxe4 Qa5+ 12. Nc3 Bxc3+ 13. bxc3 Re8 14. Ng5 h6 15. Ne6 Bb7 16. 0-0 fxe6 17. Bxg6 Rf8 18. c4 Qc3 19. Bxh6 Rf6 20. Qh5 Nd7 21. Bg5 Nf8 22. Bxf6 Qxf6 23. Be4 e5 24. Rab1 Ba6 25. Rb3 Bxc4 26. Rg3+ Ng6 27. Rxg6+ 1-0

[Event "Titled Tuesday intern op 11th Jul Early"]
[Site "Chess.com INT"]
[Date "2023.07.11"]
[Round "9"]
[White "Harriott, Tyrell"]
[Black "Mangialardo, Tiago Carvalho"]
[Result "1-0"]
[WhiteElo "1819"]
[BlackElo "1965"]
[PlyCount "45"]
[EventDate "2023.07.11"]
[EventType "swiss (blitz)"]
[EventRounds "11"]
[EventCountry "USA"]
[SourceTitle "EXT 2024"]
[Source "ChessBase"]
[SourceDate "2023.10.10"]
[SourceVersion "1"]
[SourceVersionDate "2023.10.10"]
[SourceQuality "1"]

1. d4 Nf6 2. e3 c5 3. f4 g6 4. Nf3 Bg7 5. Bd3 0-0 6. 0-0 Nc6 7. f5 d6 8. fxg6 fxg6 9. c3 Bg4 10. Qb3+ Kh8 11. Qxb7 Rc8 12. Na3 e5 13. Bb5 Rc7 14. Qa6 Nb8 15. Qa4 Bxf3 16. Rxf3 exd4 17. exd4 Ng4 18. Bf4 Qh4 19. Bg3 Qh5 20. Rxf8+ Bxf8 21. Rf1 Bg7 22. Be2 Qg5 23. Qe8+ 1-0

[Event "Titled Tuesday intern op 11th Jul Early"]
[Site "Chess.com INT"]
[Date "2023.07.11"]
[Round "1"]
[White "Mangialardo, Tiago Carvalho"]
[Black "Frolyanov, Dmitry"]
[Result "1-0"]
[WhiteElo "1965"]
[BlackElo "2485"]
[PlyCount "49"]
[EventDate "2023.07.11"]
[EventType "swiss (blitz)"]
[EventRounds "11"]
[EventCountry "USA"]
[SourceTitle "EXT 2024"]
[Source "ChessBase"]
[SourceDate "2023.10.10"]
[SourceVersion "1"]
[SourceVersionDate "2023.10.10"]
[SourceQuality "1"]

1. e4 e5 2. Nf3 Nf6 3. Nxe5 d6 4. Nf3 Nxe4 5. Nc3 Nxc3 6. dxc3 Be7 7. Bf4 0-0 8. Qd2 Nd7 9. 0-0-0 Nc5 10. Bd3 c6 11. h3 Qa5 12. a3 d5 13. Rhe1 Ne6 14. Be5 b5 15. Nd4 Nxd4 16. Bxd4 Be6 17. Bf5 Bxa3 18. Bxe6 Bd6 19. Qg5 Bf4+ 20. Qxf4 fxe6 21. Qe5 Rf7 22. Re3 Qa1+ 23. Kd2 Rxf2+ 24. Re2 Rxe2+ 25. Kxe2 1-0

[Event "Titled Tuesday intern op 11th Jul Early"]
[Site "Chess.com INT"]
[Date "2023.07.11"]
[Round "11"]
[White "Mangialardo, Tiago Carvalho"]
[Black "Mikhaylova, Irina"]
[Result "0-1"]
[WhiteElo "1965"]
[BlackElo "2216"]
[PlyCount "56"]
[EventDate "2023.07.11"]
[EventType "swiss (blitz)"]
[EventRounds "11"]
[EventCountry "USA"]
[SourceTitle "EXT 2024"]
[Source "ChessBase"]
[SourceDate "2023.10.10"]
[SourceVersion "1"]
[SourceVersionDate "2023.10.10"]
[SourceQuality "1"]

1. e4 c5 2. Nf3 Nc6 3. Bb5 Na5 4. a4 a6 5. Be2 e6 6. 0-0 d6 7. c3 Nf6 8. Qc2 Be7 9. d4 cxd4 10. cxd4 0-0 11. Nc3 Bd7 12. b4 Nc6 13. b5 Nb4 14. Qb1 a5 15. e5 Nfd5 16. Ne4 dxe5 17. dxe5 Rc8 18. Bd2 f5 19. exf6 Nxf6 20. Rd1 Qe8 21. Ne5 Nfd5 22. Bd3 Nxd3 23. Qxd3 Bb4 24. Bxb4 axb4 25. Nxd7 Qxd7 26. Rac1 Qf7 27. Qd4 Qf4 28. Nd6 Qxd6 0-1

[Event "Titled Tuesday intern op 11th Jul Early"]
[Site "Chess.com INT"]
[Date "2023.07.11"]
[Round "6"]
[White "Shapiro, Daniel E"]
[Black "Mangialardo, Tiago Carvalho"]
[Result "0-1"]
[WhiteElo "2284"]
[BlackElo "1965"]
[PlyCount "60"]
[EventDate "2023.07.11"]
[EventType "swiss (blitz)"]
[EventRounds "11"]
[EventCountry "USA"]
[SourceTitle "EXT 2024"]
[Source "ChessBase"]
[SourceDate "2023.10.10"]
[SourceVersion "1"]
[SourceVersionDate "2023.10.10"]
[SourceQuality "1"]

1. d4 Nf6 2. c4 c5 3. d5 g6 4. Nc3 Bg7 5. e4 d6 6. h3 0-0 7. Nf3 e6 8. Bd3 exd5 9. cxd5 b5 10. Nxb5 Nxe4 11. 0-0 Nf6 12. Bf4 Ne8 13. Qb3 a6 14. Na3 Nd7 15. Nc4 Rb8 16. Qc2 Nb6 17. Na5 Nxd5 18. Nc6 Qc7 19. Nxb8 Nxf4 20. Nxa6 Qb6 21. Bc4 Bxa6 22. Rfd1 Nf6 23. Rab1 Bb7 24. Ne1 Qc6 25. Bf1 Nxh3+ 26. Kh2 Nf4 27. Qd2 N4h5 28. Qxd6 Qe4 29. Qd3 Qh4+ 30. Kg1 Be4 0-1

[Event "Titled Tuesday intern op 04th Jul Late"]
[Site "Chess.com INT"]
[Date "2023.07.04"]
[Round "10"]
[White "Mangialardo, Tiago Carvalho"]
[Black "Antonio, Jorge Carlos"]
[Result "0-1"]
[WhiteElo "1965"]
[BlackElo "2277"]
[PlyCount "60"]
[EventDate "2023.07.04"]
[EventType "swiss (blitz)"]
[EventRounds "11"]
[EventCountry "USA"]
[SourceTitle "EXT 2024"]
[Source "ChessBase"]
[SourceDate "2023.10.10"]
[SourceVersion "1"]
[SourceVersionDate "2023.10.10"]
[SourceQuality "1"]

1. e4 c5 2. Nf3 d6 3. Bb5+ Bd7 4. Bxd7+ Nxd7 5. 0-0 e6 6. c3 a6 7. d4 Rc8 8. e5 d5 9. Ne1 cxd4 10. cxd4 Ne7 11. Bg5 h6 12. Bh4 g5 13. Bg3 Nf5 14. f4 Qb6 15. Bf2 Be7 16. Nd2 Rg8 17. Nb3 a5 18. Rc1 Rc6 19. Rxc6 bxc6 20. Qd2 a4 21. Nc5 Nxc5 22. dxc5 Bxc5 23. Nd3 Bxf2+ 24. Rxf2 g4 25. Qc3 Kd7 26. Qa3 g3 27. hxg3 Rxg3 28. Kf1 Qb5 29. Ke2 Nd4+ 30. Kd1 Rxd3+ 0-1

[Event "Titled Tuesday intern op 04th Jul Late"]
[Site "Chess.com INT"]
[Date "2023.07.04"]
[Round "4"]
[White "Mangialardo, Tiago Carvalho"]
[Black "Bornholdt, Joa Max"]
[Result "0-1"]
[WhiteElo "1965"]
[BlackElo "2265"]
[PlyCount "40"]
[EventDate "2023.07.04"]
[EventType "swiss (blitz)"]
[EventRounds "11"]
[EventCountry "USA"]
[SourceTitle "EXT 2024"]
[Source "ChessBase"]
[SourceDate "2023.10.10"]
[SourceVersion "1"]
[SourceVersionDate "2023.10.10"]
[SourceQuality "1"]

1. e4 e5 2. Nf3 Nc6 3. Bb5 g6 4. d4 exd4 5. Nxd4 Nge7 6. Be3 Bg7 7. Nc3 0-0 8. Qd2 a6 9. Ba4 d6 10. 0-0-0 b5 11. Bb3 Bb7 12. f3 Na5 13. h4 c5 14. Ndxb5 axb5 15. Nxb5 Nxb3+ 16. cxb3 Rxa2 17. Nxd6 Ba6 18. Bxc5 Rxb2 19. Qb4 Nc6 20. Qa4 Qa8 0-1

[Event "Titled Tuesday intern op 31st Jan Early"]
[Site "Chess.com INT"]
[Date "2023.01.31"]
[Round "3"]
[White "Mangialardo, Tiago Carvalho"]
[Black "Nadanian, Ashot S"]
[Result "0-1"]
[WhiteElo "1965"]
[BlackElo "2279"]
[PlyCount "38"]
[EventDate "2023.01.31"]
[EventType "swiss (blitz)"]
[EventRounds "11"]
[EventCountry "USA"]
[SourceTitle "CBM 212 Extra"]
[Source "ChessBase"]
[SourceDate "2023.03.31"]
[SourceVersion "1"]
[SourceVersionDate "2023.03.31"]
[SourceQuality "1"]

1. e4 d5 2. exd5 Qxd5 3. Nc3 Qa5 4. d4 Nf6 5. Nf3 Bg4 6. Be2 Nc6 7. Be3 0-0-0 8. 0-0 e5 9. d5 Nxd5 10. Nxd5 Rxd5 11. Qc1 e4 12. Nd4 Bxe2 13. Nxe2 Bd6 14. a3 Rh5 15. g3 Qf5 16. h4 Qg4 17. Re1 Ne5 18. Kg2 Rxh4 19. Rh1 Qf3+ 0-1

[Event "Titled Tuesday intern op 04th Oct Late"]
[Site "Chess.com INT"]
[Date "2022.10.04"]
[Round "4"]
[White "Thiel, Thomas"]
[Black "Mangialardo, Tiago Carvalho"]
[Result "1-0"]
[WhiteElo "2230"]
[BlackElo "1965"]
[PlyCount "35"]
[EventDate "2022.10.04"]
[EventType "swiss (blitz)"]
[EventRounds "11"]
[EventCountry "USA"]
[SourceTitle "EXT 2023"]
[Source "ChessBase"]
[SourceDate "2022.10.05"]
[SourceVersion "1"]
[SourceVersionDate "2022.10.05"]
[SourceQuality "1"]

1. e4 e5 2. Nf3 Nc6 3. d4 exd4 4. Nxd4 Bc5 5. Nb3 Bb6 6. Nc3 d6 7. Qe2 Nf6 8. Bg5 h6 9. Bh4 0-0 10. 0-0-0 Re8 11. h3 Bf5 12. Qf3 Bg6 13. Bxf6 Qxf6 14. Qxf6 gxf6 15. f3 a5 16. a4 f5 17. Nd5 Ra6 18. Nf6+ 1-0

[Event "Titled Tuesday intern op 23rd Aug Late"]
[Site "Chess.com INT"]
[Date "2022.08.23"]
[Round "2"]
[White "Mangialardo, Tiago Carvalho"]
[Black "Dudzinski, Pawel"]
[Result "1-0"]
[WhiteElo "1965"]
[BlackElo "2198"]
[PlyCount "71"]
[EventDate "2022.08.23"]
[EventType "swiss (blitz)"]
[EventRounds "11"]
[EventCountry "USA"]
[SourceTitle "EXT 2023"]
[Source "ChessBase"]
[SourceDate "2022.10.05"]
[SourceVersion "1"]
[SourceVersionDate "2022.10.05"]
[SourceQuality "1"]

1. e4 c6 2. d4 d5 3. exd5 cxd5 4. Bd3 Nf6 5. Nf3 Nc6 6. 0-0 g6 7. c3 Bf5 8. Re1 Bxd3 9. Qxd3 Bg7 10. Bf4 0-0 11. Nbd2 e6 12. Ne5 Nxe5 13. Bxe5 Nd7 14. Bxg7 Kxg7 15. Nf3 Rb8 16. a4 b6 17. Qe3 Qc7 18. Re2 b5 19. axb5 Rxb5 20. Ne5 Nxe5 21. Qxe5+ Qxe5 22. dxe5 a5 23. Ra2 Rc8 24. f4 Rc4 25. g3 d4 26. Rc2 g5 27. fxg5 Rxe5 28. h4 Kg6 29. Kf2 Kh5 30. Kf3 dxc3 31. Rxc3 Rf5+ 32. Kg2 Rd4 33. b3 Kg4 34. Ra4 Rfd5 35. Rcc4 e5 36. Kf2 1-0

[Event "Titled Tuesday intern op 09th Aug Late"]
[Site "Chess.com INT"]
[Date "2022.08.09"]
[Round "7"]
[White "Kaganskiy, Gleb"]
[Black "Mangialardo, Tiago Carvalho"]
[Result "1-0"]
[WhiteElo "2243"]
[BlackElo "1965"]
[PlyCount "87"]
[EventDate "2022.08.09"]
[EventType "swiss (blitz)"]
[EventRounds "11"]
[EventCountry "USA"]
[SourceTitle "EXT 2023"]
[Source "ChessBase"]
[SourceDate "2022.10.05"]
[SourceVersion "1"]
[SourceVersionDate "2022.10.05"]
[SourceQuality "1"]

1. e4 e5 2. Nf3 Nc6 3. Bc4 Bc5 4. 0-0 Nf6 5. d4 Bxd4 6. Nxd4 Nxd4 7. f4 d6 8. fxe5 dxe5 9. Bg5 Qd6 10. Bxf6 gxf6 11. Na3 Rg8 12. Rf2 Bg4 13. Qf1 Rg6 14. c3 Nc6 15. Nb5 Qe7 16. Kh1 a6 17. Na3 Rd8 18. Re1 b5 19. Bb3 Na5 20. Nc2 Nxb3 21. axb3 Qd6 22. Ne3 Bd7 23. Nd5 Bc6 24. Nxf6+ Ke7 25. Nh5 Rf8 26. Ng3 h5 27. Nf5+ Kd7 28. Nxd6 cxd6 29. Rxf7+ Rxf7 30. Qxf7+ Kc8 31. Qxg6 Bd7 32. Qxh5 Kc7 33. Qh4 Be6 34. g4 d5 35. Kg1 d4 36. Re2 d3 37. Rd2 Bxb3 38. Rxd3 Bc4 39. Rd2 Kc6 40. g5 a5 41. g6 a4 42. g7 a3 43. bxa3 b4 44. cxb4 1-0

[Event "Titled Tuesday intern op 09th Aug Late"]
[Site "Chess.com INT"]
[Date "2022.08.09"]
[Round "8"]
[White "Mangialardo, Tiago Carvalho"]
[Black "Biriukov, Ilja"]
[Result "0-1"]
[WhiteElo "1965"]
[BlackElo "2311"]
[PlyCount "78"]
[EventDate "2022.08.09"]
[EventType "swiss (blitz)"]
[EventRounds "11"]
[EventCountry "USA"]
[SourceTitle "EXT 2023"]
[Source "ChessBase"]
[SourceDate "2022.10.05"]
[SourceVersion "1"]
[SourceVersionDate "2022.10.05"]
[SourceQuality "1"]

1. e4 e5 2. Nf3 Nc6 3. Bb5 a6 4. Ba4 Nf6 5. 0-0 b5 6. Bb3 Be7 7. d3 0-0 8. c3 d5 9. exd5 Nxd5 10. Re1 Bg4 11. Nbd2 Nf4 12. h3 Bh5 13. Nf1 Nxd3 14. Re3 Bg6 15. Ng3 Bc5 16. Re2 Nxf2 17. Rxf2 Bxf2+ 18. Kxf2 Qe7 19. Qe2 e4 20. Nd4 Ne5 21. Be3 Kh8 22. Bc2 f5 23. Bf4 Nc4 24. b3 Nb6 25. Rd1 Nd5 26. Bd2 Rae8 27. Nf1 f4 28. Kg1 e3 29. Bxg6 hxg6 30. Be1 Qg5 31. Qg4 Qxg4 32. hxg4 e2 33. Rd3 exf1Q+ 34. Kxf1 Ne3+ 35. Kg1 Nxg4 36. Bd2 Ne3 37. Kf2 g5 38. Nf3 g4 39. Ng5 Rf5 0-1

[Event "Titled Tuesday intern op 09th Aug Late"]
[Site "Chess.com INT"]
[Date "2022.08.09"]
[Round "6"]
[White "Mangialardo, Tiago Carvalho"]
[Black "Ozalp, Burak"]
[Result "0-1"]
[WhiteElo "1965"]
[BlackElo "2206"]
[PlyCount "46"]
[EventDate "2022.08.09"]
[EventType "swiss (blitz)"]
[EventRounds "11"]
[EventCountry "USA"]
[SourceTitle "EXT 2023"]
[Source "ChessBase"]
[SourceDate "2022.10.05"]
[SourceVersion "1"]
[SourceVersionDate "2022.10.05"]
[SourceQuality "1"]

1. e4 g6 2. d4 Bg7 3. Nc3 a6 4. Nf3 d6 5. Be3 b5 6. a3 Bb7 7. Bd3 Nd7 8. 0-0 Rc8 9. Re1 c5 10. Be2 cxd4 11. Bxd4 Ngf6 12. Bd3 0-0 13. Qd2 Nc5 14. Rad1 Ne6 15. Be3 Ng4 16. h3 Nxe3 17. Rxe3 Bh6 18. Qe2 Bxe3 19. Qxe3 Kg7 20. h4 Qc7 21. h5 Qc5 22. Qe2 Qxh5 23. e5 Bxf3 0-1